000 00815nam a22002417a 4500
005 20120423145336.0
008 120423t xxu||||| |||| 00| 0 eng d
010 _aENG-105049
020 _a9788125949540
_c350.00
035 _aEN-88582
037 _bDBAD/PUB
040 _aDPL
_bEng
082 _a604.2
100 _945189
_aGowri, S.
245 _aEngineering graphics /
_cby S. Gowri [and] T. Jeyapoovan
250 _a6th ed
260 _aNoida
_bVikas Publishing House
_c2011
270 _aE-28, Sector-8
_bNoida
_e201301
300 _axv,582p. :
_c25cm(pbk)
_bill.
700 _aJeyapoovan, T.
_945592
942 _2ddc
_cEN
_mGOW
_h604.2
999 _c65466
_d65466